[Event "6th Agzamov Memorial"]
[Site "Tashkent UZB"]
[Date "2012.03.08"]
[Round "3"]
[White "Sultanov, I."]
[Black "Atabayev, Y."]
[Result "0-1"]
[WhiteElo "2157"]
[BlackElo "2404"]
[PlyCount "66"]
[EventDate "2012.03.06"]
[EventType "swiss"]
[EventRounds "9"]
[EventCountry "UZB"]
[Source "Mark Crowther"]
[SourceDate "2012.03.12"]

1. e4 c5 2. Nf3 d6 3. d4 cxd4 4. Nxd4 Nf6 5. Nc3 a6 6. Bg5 e6 7. f4 h6 8. Bh4
Qb6 9. Qd3 Qxb2 10. Rb1 Qa3 11. f5 Qc5 12. Be2 Be7 13. O-O e5 14. Na4 Qxd4+ 15.
Qxd4 exd4 16. Bxf6 Bxf6 17. Nb6 d3 18. Nxa8 dxe2 19. Rfe1 Kd8 20. Nb6 Bd4+ 21.
Kh1 Bxb6 22. Rxb6 Kc7 23. Rb3 Re8 24. Re3 d5 25. R3xe2 dxe4 26. f6 g6 27. Rxe4
Rxe4 28. Rxe4 Be6 29. a4 Nd7 30. Rf4 h5 31. Kg1 Bf5 32. Rc4+ Kb8 33. h3 Nxf6
0-1

[Event "6th Agzamov Memorial"]
[Site "Tashkent UZB"]
[Date "2012.03.08"]
[Round "3"]
[White "Temirov, B."]
[Black "Ismailov, M."]
[Result "0-1"]
[WhiteElo "2322"]
[BlackElo "2133"]
[PlyCount "69"]
[EventDate "2012.03.06"]
[EventType "swiss"]
[EventRounds "9"]
[EventCountry "UZB"]
[Source "Mark Crowther"]
[SourceDate "2012.03.12"]

1. d4 Nf6 2. Nf3 c5 3. d5 e6 4. c4 d6 5. Nc3 exd5 6. cxd5 g6 7. Bf4 a6 8. a4
Bg7 9. h3 O-O 10. e3 Ne8 11. Be2 Nd7 12. O-O Qe7 13. Bh2 Ne5 14. Nd2 f5 15. Re1
Nf6 16. Bf1 Bd7 17. e4 fxe4 18. Ndxe4 Nxe4 19. Nxe4 Rae8 20. Re2 Bf5 21. Nc3
Qc7 22. f4 Nd3 23. g4 Nxb2 24. Qb3 Qa5 25. Rc1 Nd3 26. Rcc2 Bd4+ 27. Kh1 Rxe2
28. Rxe2 Nc1 29. Qd1 Nxe2 30. Nxe2 Be4+ 31. Bg2 Bxg2+ 32. Kxg2 Qb4 33. f5 Qc4
34. Nf4 Be5 35. Qd3 0-1

[Event "6th Agzamov Memorial"]
[Site "Tashkent UZB"]
[Date "2012.03.08"]
[Round "3"]
[White "Turov, M."]
[Black "Potapov, P."]
[Result "1-0"]
[WhiteElo "2658"]
[BlackElo "2473"]
[PlyCount "64"]
[EventDate "2012.03.06"]
[EventType "swiss"]
[EventRounds "9"]
[EventCountry "UZB"]
[Source "Mark Crowther"]
[SourceDate "2012.03.12"]

1. c4 e5 2. Nc3 Nf6 3. g3 d5 4. cxd5 Nxd5 5. Bg2 Nb6 6. e3 Be7 7. Nge2 c5 8.
O-O O-O 9. f4 exf4 10. Nxf4 Nc6 11. b3 Bf5 12. Bb2 Qd7 13. Ne4 Nb4 14. a3 N4d5
15. Nd3 Rac8 16. Rc1 Bxe4 17. Bxe4 f5 18. Bg2 Rcd8 19. Ne5 Qe6 20. Qc2 g6 21.
e4 fxe4 22. Qxe4 Rxf1+ 23. Bxf1 Bg5 24. Rc2 Qf5 25. Qxf5 gxf5 26. Nf3 Re8 27.
Bh3 Ne7 28. Rxc5 Rd8 29. Bxf5 Bxd2 30. Be6+ Kf8 31. Kf1 Be3 32. Re5 Rd3 1-0

[Event "6th Agzamov Memorial"]
[Site "Tashkent UZB"]
[Date "2012.03.08"]
[Round "3"]
[White "Vakhidov, J."]
[Black "Iordachescu, V."]
[Result "1/2-1/2"]
[WhiteElo "2396"]
[BlackElo "2644"]
[PlyCount "70"]
[EventDate "2012.03.06"]
[EventType "swiss"]
[EventRounds "9"]
[EventCountry "UZB"]
[Source "Mark Crowther"]
[SourceDate "2012.03.12"]

1. d4 Nf6 2. c4 e6 3. g3 d5 4. Nf3 Bb4+ 5. Bd2 a5 6. Qc2 dxc4 7. Bg2 Nc6 8.
Qxc4 Qd5 9. Qxd5 exd5 10. O-O Bxd2 11. Nbxd2 Ne7 12. Rfe1 O-O 13. Ng5 h6 14.
Nh3 Nf5 15. e3 Nd6 16. f3 c6 17. Nf2 Re8 18. Rad1 a4 19. g4 Rd8 20. h3 Nfe8 21.
Bf1 Nc7 22. Bd3 a3 23. b3 Na6 24. Rc1 Bd7 25. Bxa6 Rxa6 26. Nd3 Ra7 27. Kf2 Be8
28. Nf4 f6 29. h4 g5 30. hxg5 hxg5 31. Ne6 Rc8 32. e4 dxe4 33. Nxe4 Nxe4+ 34.
Rxe4 Bg6 35. Re3 Ra5 1/2-1/2

[Event "6th Agzamov Memorial"]
[Site "Tashkent UZB"]
[Date "2012.03.09"]
[Round "4"]
[White "Atabayev, M."]
[Black "Khailaev, M."]
[Result "1-0"]
[WhiteElo "2367"]
[BlackElo "2185"]
[PlyCount "129"]
[EventDate "2012.03.06"]
[EventType "swiss"]
[EventRounds "9"]
[EventCountry "UZB"]
[Source "Mark Crowther"]
[SourceDate "2012.03.12"]

1. e4 c5 2. Nf3 d6 3. d4 cxd4 4. Nxd4 Nf6 5. Nc3 a6 6. Be2 e6 7. O-O Be7 8. f4
Qc7 9. Kh1 Nc6 10. Be3 O-O 11. Qe1 Bd7 12. Qg3 Nxd4 13. Bxd4 Bc6 14. e5 Ne8 15.
Bd3 g6 16. Ne4 Bxe4 17. Bxe4 d5 18. Bd3 Ng7 19. Qh3 Bc5 20. Bxc5 Qxc5 21. g4 f5
22. g5 Rf7 23. Qf3 Rc8 24. c3 Rfc7 25. Rfd1 Rd8 26. Be2 d4 27. Rd2 Rd5 28. c4
Rd8 29. a3 a5 30. Rb1 a4 31. Kg2 Rcd7 32. Bd3 Nh5 33. Rf2 Qc6 34. Qxc6 bxc6 35.
c5 Rb7 36. Bc4 Kf7 37. Rd1 d3 38. Rxd3 Rxd3 39. Bxd3 Rd7 40. Be2 Rd4 41. Bxh5
gxh5 42. Kg3 Rc4 43. Rd2 Ke7 44. Rd6 Rxc5 45. Kh4 Rc2 46. h3 Rc4 47. Kxh5 Rxf4
48. Rxc6 Rd4 49. Rc7+ Rd7 50. Rc4 Rd5 51. Rxa4 Rxe5 52. Ra7+ Kd6 53. Rxh7 Re3
54. h4 Rg3 55. Kg6 Ke5 56. a4 Rb3 57. a5 Rxb2 58. a6 Ra2 59. a7 Kf4 60. Rf7 Kg4
61. h5 e5 62. h6 Ra6+ 63. Kg7 Kxg5 64. h7 Rg6+ 65. Kf8 1-0

[Event "6th Agzamov Memorial"]
[Site "Tashkent UZB"]
[Date "2012.03.09"]
[Round "4"]
[White "Atabayev, Y."]
[Black "Rustamov, Al"]
[Result "1-0"]
[WhiteElo "2404"]
[BlackElo "2205"]
[PlyCount "39"]
[EventDate "2012.03.06"]
[EventType "swiss"]
[EventRounds "9"]
[EventCountry "UZB"]
[Source "Mark Crowther"]
[SourceDate "2012.03.12"]

1. e4 g6 2. d4 Bg7 3. Nf3 d6 4. Bc4 Nf6 5. Qe2 Nc6 6. e5 dxe5 7. dxe5 Ng4 8. e6
f5 9. O-O Qd6 10. c3 Nce5 11. Bf4 Bxe6 12. Bxe6 Qxe6 13. Nxe5 Nxe5 14. Re1
O-O-O 15. Na3 Rd5 16. Nc4 Rhd8 17. Bxe5 Bxe5 18. Nxe5 Rd2 19. Qe3 Kb8 20. b3
1-0

[Event "6th Agzamov Memorial"]
[Site "Tashkent UZB"]
[Date "2012.03.09"]
[Round "4"]
[White "Azarov, S."]
[Black "Egin, V."]
[Result "1/2-1/2"]
[WhiteElo "2667"]
[BlackElo "2412"]
[PlyCount "112"]
[EventDate "2012.03.06"]
[EventType "swiss"]
[EventRounds "9"]
[EventCountry "UZB"]
[Source "Mark Crowther"]
[SourceDate "2012.03.12"]

1. e4 e5 2. Nf3 Nc6 3. Bb5 a6 4. Ba4 Nf6 5. O-O Be7 6. Re1 b5 7. Bb3 O-O 8. c3
d5 9. exd5 Nxd5 10. Nxe5 Nxe5 11. Rxe5 c6 12. d4 Bd6 13. Re1 Qh4 14. g3 Qh3 15.
Qe2 Bg4 16. Qf1 Qh5 17. Nd2 Rae8 18. f3 Rxe1 19. Qxe1 Bxf3 20. Nxf3 Qxf3 21.
Bd2 Qg4 22. Qf1 h5 23. Bc2 f5 24. Bd1 Qg6 25. Qh3 Nf6 26. Bb3+ Kh8 27. Rf1 Ne4
28. Bf4 Bxf4 29. Rxf4 Ng5 30. Qg2 Qe8 31. h4 Qe3+ 32. Kh2 Ne4 33. Bc2 Nf6 34.
Bxf5 Ng4+ 35. Bxg4 Rxf4 36. gxf4 Qxf4+ 37. Kh3 hxg4+ 38. Qxg4 Qe3+ 39. Kg2 Qd2+
40. Kf3 Qd3+ 41. Kf4 Qc4 42. a3 a5 43. Qh5+ Kg8 44. Qe8+ Kh7 45. Qe4+ Kh8 46.
Kg5 Kg8 47. Qf5 Qe2 48. Qc8+ Kh7 49. Qxc6 Qxb2 50. Kf5 Qd2 51. d5 b4 52. cxb4
axb4 53. axb4 Qxb4 54. Qg6+ Kg8 55. Qe8+ Kh7 56. h5 Qd4 1/2-1/2

[Event "6th Agzamov Memorial"]
[Site "Tashkent UZB"]
[Date "2012.03.09"]
[Round "4"]
[White "Dzhumaev, M."]
[Black "Turaev, Hal"]
[Result "1-0"]
[WhiteElo "2494"]
[BlackElo "2210"]
[PlyCount "95"]
[EventDate "2012.03.06"]
[EventType "swiss"]
[EventRounds "9"]
[EventCountry "UZB"]
[Source "Mark Crowther"]
[SourceDate "2012.03.12"]

1. e4 c5 2. Nf3 Nc6 3. c3 Nf6 4. e5 Nd5 5. d4 cxd4 6. Bc4 e6 7. cxd4 d6 8. O-O
dxe5 9. dxe5 Be7 10. Qe2 Qc7 11. Rd1 O-O 12. Bxd5 exd5 13. Nc3 Be6 14. Nxd5
Bxd5 15. Rxd5 Rad8 16. Rxd8 Rxd8 17. Bf4 Qd7 18. h3 Qd5 19. a3 h6 20. Rc1 a5
21. Kh2 g5 22. Bg3 h5 23. h4 g4 24. Ng5 Bxg5 25. hxg5 Qd2 26. Re1 Qxe2 27. Rxe2
Nd4 28. Re3 a4 29. Re4 b5 30. e6 fxe6 31. g6 Rd5 32. Bc7 Kf8 33. Kg3 Ke7 34.
Be5 Nf5+ 35. Kf4 Rd2 36. Kg5 Rxf2 37. g3 h4 38. gxh4 g3 39. Bd4 Nxd4 40. Rxd4
g2 41. Rg4 Kf8 42. h5 Kg8 43. Rg3 e5 44. h6 e4 45. g7 g1=Q 46. Rxg1 Rc2 47. Kf4
Rh2 48. Rg6 1-0

[Event "6th Agzamov Memorial"]
[Site "Tashkent UZB"]
[Date "2012.03.09"]
[Round "4"]
[White "Grachev, B."]
[Black "Ismagambetov, An"]
[Result "1-0"]
[WhiteElo "2705"]
[BlackElo "2471"]
[PlyCount "83"]
[EventDate "2012.03.06"]
[EventType "swiss"]
[EventRounds "9"]
[EventCountry "UZB"]
[Source "Mark Crowther"]
[SourceDate "2012.03.12"]

1. c4 Nf6 2. Nc3 g6 3. e4 d6 4. d4 Bg7 5. h3 O-O 6. Nf3 c5 7. d5 Na6 8. Be2 Nc7
9. O-O a6 10. Bf4 Nd7 11. Qd2 Re8 12. Bh6 Bh8 13. a4 Rb8 14. Ng5 b5 15. axb5
axb5 16. cxb5 Nf8 17. f4 f6 18. Nf3 Bd7 19. Ra5 Rb7 20. Bc4 Qb8 21. Qe2 Ra7 22.
Ra3 Rb7 23. Rfa1 Bc8 24. e5 Bg7 25. Bxg7 Kxg7 26. e6 Rd8 27. f5 gxf5 28. Nh4
Ng6 29. Nxf5+ Kh8 30. Nh6 Rf8 31. Qh5 Ne8 32. Nf7+ Kg8 33. Bd3 Ng7 34. Qh6 Rxf7
35. Bxg6 hxg6 36. Qxg6 Rf8 37. Ne4 Bxe6 38. Rg3 Bg4 39. Rxg4 Rf7 40. Rh4 Rf8
41. Ra3 Re8 42. Qh7+ 1-0

[Event "6th Agzamov Memorial"]
[Site "Tashkent UZB"]
[Date "2012.03.09"]
[Round "4"]
[White "Holmirzaev, B."]
[Black "Mamedov, Rau"]
[Result "0-1"]
[WhiteElo "2363"]
[BlackElo "2624"]
[PlyCount "62"]
[EventDate "2012.03.06"]
[EventType "swiss"]
[EventRounds "9"]
[EventCountry "UZB"]
[Source "Mark Crowther"]
[SourceDate "2012.03.12"]

1. e4 d6 2. Nf3 Nf6 3. e5 dxe5 4. Nxe5 Nbd7 5. Nxd7 Bxd7 6. d4 g6 7. Nd2 Bg7 8.
Nf3 O-O 9. c3 c5 10. dxc5 Qc7 11. Be2 Qxc5 12. Be3 Qc7 13. Bd4 Bc6 14. Be5 Qb6
15. Qb3 Qa5 16. Bg3 Ne4 17. O-O Nxg3 18. hxg3 Rad8 19. Rfd1 e6 20. Rxd8 Rxd8
21. Rd1 Rxd1+ 22. Bxd1 Bd5 23. c4 Bc6 24. Kf1 Qd8 25. Ne1 Qd2 26. Nd3 Be4 27.
Nc5 Bb1 28. Be2 Bxa2 29. Qe3 Qxb2 30. Nd3 Qa1+ 31. Qc1 Bxc4 0-1

[Event "6th Agzamov Memorial"]
[Site "Tashkent UZB"]
[Date "2012.03.09"]
[Round "4"]
[White "Iordachescu, V."]
[Black "Saidov, B."]
[Result "1-0"]
[WhiteElo "2644"]
[BlackElo "2389"]
[PlyCount "77"]
[EventDate "2012.03.06"]
[EventType "swiss"]
[EventRounds "9"]
[EventCountry "UZB"]
[Source "Mark Crowther"]
[SourceDate "2012.03.12"]

1. e4 e5 2. Nf3 Nc6 3. Bb5 a6 4. Ba4 Bc5 5. O-O Qf6 6. Nc3 Nge7 7. Nd5 Qd6 8.
c3 Nxd5 9. exd5 Qxd5 10. d4 exd4 11. Re1+ Be7 12. Bg5 f6 13. Bf4 Qf7 14. Nxd4
Ne5 15. Nf5 Kd8 16. Bb3 Qf8 17. Bg3 g5 18. Bxe5 fxe5 19. Rxe5 Bf6 20. Re3 d6
21. Be6 Bxe6 22. Rxe6 Kd7 23. Qd5 Rd8 24. Nxd6 cxd6 25. Qf5 Kc7 26. Rxf6 Qe8
27. Qxg5 Qe2 28. b3 Rhe8 29. h3 Kb8 30. Rf7 Qd3 31. Qg7 Qd5 32. c4 Qc6 33. Qxh7
Rh8 34. Qg6 Rhg8 35. Rg7 Rge8 36. Rd1 Re2 37. Qf6 Qb6 38. c5 Qa5 39. b4 1-0

[Event "6th Agzamov Memorial"]
[Site "Tashkent UZB"]
[Date "2012.03.09"]
[Round "4"]
[White "Karimov, I."]
[Black "Sapaev, M."]
[Result "1-0"]
[WhiteElo "2324"]
[BlackElo "2178"]
[PlyCount "95"]
[EventDate "2012.03.06"]
[EventType "swiss"]
[EventRounds "9"]
[EventCountry "UZB"]
[Source "Mark Crowther"]
[SourceDate "2012.03.12"]

1. Nf3 Nf6 2. g3 g6 3. Bg2 Bg7 4. O-O O-O 5. d4 d6 6. c4 Nc6 7. d5 Nb8 8. Nc3
Nbd7 9. e4 Nc5 10. Qc2 a5 11. Be3 b6 12. h3 e5 13. dxe6 Bxe6 14. b3 Qc8 15. Kh2
Nh5 16. Nd4 Bd7 17. Rae1 h6 18. f4 Kh7 19. Nd5 Rb8 20. Qd1 c6 21. Nc3 Qc7 22.
g4 Nf6 23. Bf2 Rbe8 24. Bg3 Ng8 25. Qd2 Rd8 26. Nf3 Rfe8 27. f5 Bc8 28. fxg6+
fxg6 29. Nh4 Qe7 30. Nf3 Bf6 31. Na4 Nxa4 32. bxa4 Be6 33. Qc2 Qg7 34. e5 Be7
35. Nh4 d5 36. cxd5 Bxd5 37. Bxd5 cxd5 38. Ng2 Bb4 39. Re2 Be7 40. Nf4 Bg5 41.
Nxg6 Rc8 42. Qd3 Rc7 43. Ref2 h5 44. Ne7+ Kh8 45. Rf7 Nxe7 46. Rxg7 Kxg7 47. e6
Rc4 48. Rf7+ 1-0

[Event "6th Agzamov Memorial"]
[Site "Tashkent UZB"]
[Date "2012.03.09"]
[Round "4"]
[White "Kasyan, A."]
[Black "Golod, V."]
[Result "1/2-1/2"]
[WhiteElo "2336"]
[BlackElo "2561"]
[PlyCount "81"]
[EventDate "2012.03.06"]
[EventType "swiss"]
[EventRounds "9"]
[EventCountry "UZB"]
[Source "Mark Crowther"]
[SourceDate "2012.03.12"]

1. d4 Nf6 2. c4 g6 3. Nc3 d5 4. Nf3 Bg7 5. e3 O-O 6. Qb3 e6 7. Bd2 b6 8. cxd5
exd5 9. Be2 Bb7 10. O-O Ne4 11. Rfd1 Nxd2 12. Nxd2 c6 13. Bf3 Nd7 14. Rac1 Re8
15. g3 Qe7 16. Bg2 Qd6 17. Nf3 Rac8 18. Rd2 Ba6 19. Qa4 Nb8 20. Ne1 Re7 21. Nd3
Bc4 22. b3 Ba6 23. Nf4 Rd8 24. Bf1 Bxf1 25. Rxf1 a5 26. a3 Ra7 27. b4 b5 28.
Qb3 axb4 29. axb4 Nd7 30. e4 dxe4 31. Nxe4 Qe7 32. Re2 Nf6 33. Nxf6+ Qxf6 34.
d5 Ra1 35. Rxa1 Qxa1+ 36. Kg2 cxd5 37. Nxd5 Qd4 38. Ne7+ Kf8 39. Qf3 Re8 40.
Nc6 Qc4 41. Rxe8+ 1/2-1/2

[Event "6th Agzamov Memorial"]
[Site "Tashkent UZB"]
[Date "2012.03.09"]
[Round "4"]
[White "Khusnutdinov, R."]
[Black "Turov, M."]
[Result "1/2-1/2"]
[WhiteElo "2500"]
[BlackElo "2658"]
[PlyCount "81"]
[EventDate "2012.03.06"]
[EventType "swiss"]
[EventRounds "9"]
[EventCountry "UZB"]
[Source "Mark Crowther"]
[SourceDate "2012.03.12"]

1. d4 Nf6 2. c4 e6 3. Nc3 Bb4 4. e3 c5 5. Nge2 cxd4 6. exd4 O-O 7. a3 Be7 8. d5
exd5 9. cxd5 Bc5 10. b4 Bb6 11. Na4 Re8 12. Nxb6 Qxb6 13. Be3 Qd6 14. Nc3 a5
15. Rc1 Na6 16. Bc4 Nc7 17. b5 Qf4 18. Be2 Qf5 19. Bf3 d6 20. O-O Bd7 21. a4
Rac8 22. Qd4 g5 23. Rfd1 h5 24. h4 gxh4 25. Qxh4 Qg6 26. Qg5 Bg4 27. Bxg4 hxg4
28. Qxg6+ fxg6 29. Bf4 Kf7 30. Kf1 Rh8 31. Kg1 Rhe8 32. Kh2 Na8 33. Bxd6 Nb6
34. Bf4 Rc4 35. Be3 g3+ 36. Kg1 Nbxd5 37. Nxd5 Rxc1 38. Bxc1 Nxd5 39. fxg3 Nc3
40. Rf1+ Kg8 41. Bd2 1/2-1/2

[Event "6th Agzamov Memorial"]
[Site "Tashkent UZB"]
[Date "2012.03.09"]
[Round "4"]
[White "Kotsur, P."]
[Black "Tillyaev, U."]
[Result "0-1"]
[WhiteElo "2589"]
[BlackElo "2214"]
[PlyCount "74"]
[EventDate "2012.03.06"]
[EventType "swiss"]
[EventRounds "9"]
[EventCountry "UZB"]
[Source "Mark Crowther"]
[SourceDate "2012.03.12"]

1. e4 c5 2. Nf3 e6 3. d4 cxd4 4. Nxd4 a6 5. Be2 Nf6 6. Nc3 Qc7 7. O-O b5 8. Bf3
e5 9. Bg5 b4 10. Nce2 Qb6 11. Nf5 h6 12. Be3 Qc7 13. c3 g6 14. Nfg3 a5 15. h4
h5 16. Qd2 Ng4 17. Rfc1 Nxe3 18. cxb4 Nc4 19. Qd5 Nc6 20. Rxc4 axb4 21. Nf1 Ra5
22. Qd1 Qa7 23. Nc1 Ba6 24. Nd2 Bxc4 25. Nxc4 Ra6 26. Be2 Be7 27. Qd3 Nd4 28.
Nxe5 Re6 29. Nc4 Bxh4 30. g3 Bg5 31. Kg2 Bxc1 32. Rxc1 Nxe2 33. Qxe2 O-O 34.
Qd3 Qxa2 35. Kh3 Rf6 36. Ne5 Qxb2 37. Nxd7 Qxc1 0-1

[Event "6th Agzamov Memorial"]
[Site "Tashkent UZB"]
[Date "2012.03.09"]
[Round "4"]
[White "Mchedlishvili, M."]
[Black "Vakhidov, J."]
[Result "1/2-1/2"]
[WhiteElo "2626"]
[BlackElo "2396"]
[PlyCount "110"]
[EventDate "2012.03.06"]
[EventType "swiss"]
[EventRounds "9"]
[EventCountry "UZB"]
[Source "Mark Crowther"]
[SourceDate "2012.03.12"]

1. d4 Nf6 2. c4 c5 3. d5 e5 4. Nc3 d6 5. e4 Nbd7 6. Bd3 a6 7. Nge2 Rb8 8. f3
Be7 9. Be3 h5 10. h4 g6 11. Qd2 Kf8 12. a3 Kg7 13. g3 Ne8 14. O-O Nc7 15. b4 a5
16. bxa5 Ra8 17. Nd1 Ne8 18. Qb2 Qxa5 19. Bd2 Qb6 20. Qc1 Qd8 21. Bc3 Kg8 22.
Ne3 Ng7 23. Kg2 Bf6 24. Ng1 Nf8 25. Qb2 Ne8 26. Rf2 Bg7 27. Raf1 g5 28. f4 gxf4
29. gxf4 Qxh4 30. f5 Qg5+ 31. Kf3 h4 32. Rg2 Qh5+ 33. Ng4 h3 34. Rg3 h2 35. Nh3
Nf6 36. Nhf2 Ng6 37. Rh1 Nxg4 38. Nxg4 Nh4+ 39. Kf2 Kf8 40. Rxh2 Ra6 41. Be2
Bxf5 42. exf5 Qxf5+ 43. Kg1 Qd7 44. Rgh3 Ng6 45. Rxh8+ Nxh8 46. Bd2 Ng6 47. Bg5
Nf4 48. Bxf4 exf4 49. Qb3 Qf5 50. Nf2 Qe5 51. Bf1 Qb2 52. Qh3 Rxa3 53. Qc8+ Ke7
54. Qc7+ Ke8 55. Qc8+ Ke7 1/2-1/2

[Event "6th Agzamov Memorial"]
[Site "Tashkent UZB"]
[Date "2012.03.09"]
[Round "4"]
[White "Megaranto, S."]
[Black "Akhmetov, Ay"]
[Result "1/2-1/2"]
[WhiteElo "2528"]
[BlackElo "2211"]
[PlyCount "78"]
[EventDate "2012.03.06"]
[EventType "swiss"]
[EventRounds "9"]
[EventCountry "UZB"]
[Source "Mark Crowther"]
[SourceDate "2012.03.12"]

1. d4 Nf6 2. Nf3 e6 3. c4 c5 4. e3 cxd4 5. exd4 d5 6. Nc3 Nc6 7. Bd3 Be7 8. O-O
O-O 9. Bg5 h6 10. Bh4 b6 11. a3 Bb7 12. Rc1 Rc8 13. cxd5 Nxd5 14. Bg3 Bf6 15.
Nb5 Be7 16. Rxc6 Rxc6 17. Nxa7 Rd6 18. Bxd6 Bxd6 19. Nb5 Nf4 20. Re1 Nxd3 21.
Qxd3 Bb8 22. Nc3 Qc7 23. g3 Rd8 24. Qe3 Qc6 25. Ne4 f5 26. Ned2 e5 27. Qc3 e4
28. Qxc6 Bxc6 29. Nh4 Bd7 30. f3 g5 31. Ng2 Bb5 32. fxe4 Rxd4 33. Nb1 fxe4 34.
Nc3 Bc6 35. Ne3 Kh7 36. Kf2 Kg6 37. Nc2 Rd2+ 38. Re2 Rxe2+ 39. Kxe2 Be5 1/2-1/2

[Event "6th Agzamov Memorial"]
[Site "Tashkent UZB"]
[Date "2012.03.09"]
[Round "4"]
[White "Muminova, N."]
[Black "Aripov, I."]
[Result "1-0"]
[WhiteElo "2327"]
[BlackElo "2182"]
[PlyCount "91"]
[EventDate "2012.03.06"]
[EventType "swiss"]
[EventRounds "9"]
[EventCountry "UZB"]
[Source "Mark Crowther"]
[SourceDate "2012.03.12"]

1. e4 e6 2. d4 d5 3. Nd2 dxe4 4. Nxe4 Nd7 5. Bd3 Ngf6 6. Qe2 c5 7. Nxf6+ Nxf6
8. dxc5 Qa5+ 9. Bd2 Qxc5 10. O-O-O Bd7 11. Nf3 Bd6 12. Be3 Qc7 13. Bd4 Bc5 14.
Be5 Qb6 15. Rd2 h6 16. Rhd1 O-O-O 17. Bc4 Bc6 18. Nd4 Bd5 19. Nb5 a6 20. Bc7
Qc6 21. Bxd8 Rxd8 22. Nd4 Qa4 23. Bxd5 Nxd5 24. Kb1 Qb4 25. Nb3 Be7 26. a3 Qb6
27. Rxd5 Rxd5 28. Rxd5 exd5 29. Qxe7 Qxf2 30. Qf8+ Kc7 31. Qxg7 Qf5 32. Qxh6
Qf1+ 33. Ka2 Qxg2 34. Qf4+ Kc8 35. Nd4 Qg6 36. h4 Qg1 37. h5 Qh1 38. Qxf7 Kb8
39. Qf8+ Ka7 40. h6 Qe4 41. Qg7 Qe3 42. h7 Kb6 43. h8=Q Ka5 44. Qd8+ b6 45. b4+
Ka4 46. Qgd7+ 1-0

[Event "6th Agzamov Memorial"]
[Site "Tashkent UZB"]
[Date "2012.03.09"]
[Round "4"]
[White "Potapov, P."]
[Black "Niyazmetov, R."]
[Result "1-0"]
[WhiteElo "2473"]
[BlackElo "2207"]
[PlyCount "67"]
[EventDate "2012.03.06"]
[EventType "swiss"]
[EventRounds "9"]
[EventCountry "UZB"]
[Source "Mark Crowther"]
[SourceDate "2012.03.12"]

1. e4 e5 2. Nf3 Nc6 3. Bc4 Bc5 4. O-O Nf6 5. d3 d6 6. c3 a6 7. Bb3 Ba7 8. Nbd2
O-O 9. Re1 h6 10. Nf1 Re8 11. Ng3 Be6 12. h3 d5 13. Qe2 b5 14. Be3 d4 15. Bd2
Qd7 16. Bc2 a5 17. Kh2 dxc3 18. bxc3 Qd6 19. Nh4 Qc5 20. Rf1 b4 21. Ba4 Red8
22. Be3 Qxc3 23. Rfc1 Nd4 24. Qd1 Qa3 25. Rxc7 Bxa2 26. Bxh6 b3 27. Bxg7 Kxg7
28. Ngf5+ Nxf5 29. Nxf5+ Kh8 30. Rxf7 Rf8 31. Rxf6 Rxf6 32. Qh5+ Kg8 33. Qg5+
Kf7 34. Qg7+ 1-0

[Event "6th Agzamov Memorial"]
[Site "Tashkent UZB"]
[Date "2012.03.09"]
[Round "4"]
[White "Primbetov, K."]
[Black "Filippov, An UZB"]
[Result "0-1"]
[WhiteElo "2220"]
[BlackElo "2637"]
[PlyCount "96"]
[EventDate "2012.03.06"]
[EventType "swiss"]
[EventRounds "9"]
[EventCountry "UZB"]
[Source "Mark Crowther"]
[SourceDate "2012.03.12"]

1. e4 e5 2. Nf3 Nc6 3. Bb5 a6 4. Ba4 Nf6 5. O-O Be7 6. Re1 b5 7. Bb3 d6 8. c3
O-O 9. h3 Nb8 10. d4 Nbd7 11. Nbd2 Bb7 12. a4 c5 13. d5 c4 14. Bc2 Nc5 15. Nf1
Qc7 16. Ng3 Rfb8 17. Be3 Bc8 18. axb5 axb5 19. Qe2 Nfd7 20. Qf1 Nb6 21. Rxa8
Rxa8 22. Ra1 Nba4 23. Ra2 Bd7 24. Nd2 Re8 25. Qa1 Qd8 26. b4 cxb3 27. Nxb3 Nxb3
28. Bxb3 Bg5 29. Qc1 h6 30. Bxa4 bxa4 31. Nf5 Qf6 32. Bxg5 hxg5 33. Qa3 Bxf5
34. exf5 Qxf5 35. Qxa4 Rb8 36. Kh2 Rc8 37. Qb4 Rc5 38. Qb8+ Kh7 39. Qxd6 Rxc3
40. Re2 f6 41. Qb4 Rd3 42. Rd2 e4 43. Re2 Qe5+ 44. g3 Rd4 45. Qb1 Qxd5 46. f3
Rd2 47. Rxd2 Qxd2+ 48. Kh1 Qd3 0-1

[Event "6th Agzamov Memorial"]
[Site "Tashkent UZB"]
[Date "2012.03.10"]
[Round "5"]
[White "Akhmetov, Ay"]
[Black "Holmirzaev, B."]
[Result "1-0"]
[WhiteElo "2211"]
[BlackElo "2363"]
[PlyCount "51"]
[EventDate "2012.03.06"]
[EventType "swiss"]
[EventRounds "9"]
[EventCountry "UZB"]
[Source "Mark Crowther"]
[SourceDate "2012.03.12"]

1. e4 Nc6 2. d4 d5 3. exd5 Qxd5 4. Nf3 e5 5. Nc3 Bb4 6. Bd2 Bxc3 7. Bxc3 e4 8.
Ne5 Nxe5 9. dxe5 Ne7 10. Qe2 Be6 11. Rd1 Qc6 12. Bb4 Rd8 13. Rxd8+ Kxd8 14.
Qd2+ Ke8 15. Be2 Nd5 16. Ba3 Qb6 17. c4 e3 18. fxe3 Ne7 19. O-O Nc6 20. Rd1 Qa5
21. Qd3 f6 22. Bh5+ g6 23. Bxg6+ hxg6 24. Qxg6+ Bf7 25. Qxf6 Qxe5 26. Rd8+ 1-0

[Event "6th Agzamov Memorial"]
[Site "Tashkent UZB"]
[Date "2012.03.10"]
[Round "5"]
[White "Begmuratov, Alisher"]
[Black "Potapov, P."]
[Result "1/2-1/2"]
[WhiteElo "2199"]
[BlackElo "2473"]
[PlyCount "96"]
[EventDate "2012.03.06"]
[EventType "swiss"]
[EventRounds "9"]
[EventCountry "UZB"]
[Source "Mark Crowther"]
[SourceDate "2012.03.12"]

1. e4 c5 2. Nf3 Nc6 3. d4 cxd4 4. Nxd4 e5 5. Nb5 d6 6. N1c3 a6 7. Na3 Be7 8.
Nd5 Nf6 9. Nxf6+ Bxf6 10. Bc4 O-O 11. O-O Ne7 12. Bb3 Be6 13. Bxe6 fxe6 14. c4
Nc6 15. Nc2 Rc8 16. b3 Qd7 17. Ba3 Rfd8 18. Qd3 d5 19. Rad1 d4 20. Kh1 Na7 21.
Ne3 h5 22. Qe2 Qe8 23. Nc2 b5 24. f4 exf4 25. Rxf4 e5 26. Rf5 bxc4 27. bxc4 Qa4
28. Qxh5 Qxc2 29. Rxf6 gxf6 30. Qg6+ Kh8 31. Qxf6+ Kh7 32. Rf1 Nc6 33. Qh4+ Kg8
34. Qg5+ Kh8 35. Qh6+ Kg8 36. Qg6+ Kh8 37. Qh6+ Kg8 38. Qe6+ Kh8 39. Qh3+ Kg8
40. Qg4+ Kh8 41. Qh5+ Kg8 42. Qg6+ Kh8 43. h3 Rc7 44. Bf8 Qxc4 45. Rf5 Qc1+ 46.
Kh2 Rh7 47. Qf6+ Kg8 48. Qe6+ Kh8 1/2-1/2

[Event "6th Agzamov Memorial"]
[Site "Tashkent UZB"]
[Date "2012.03.10"]
[Round "5"]
[White "Egin, V."]
[Black "Karimov, I."]
[Result "0-1"]
[WhiteElo "2412"]
[BlackElo "2324"]
[PlyCount "90"]
[EventDate "2012.03.06"]
[EventType "swiss"]
[EventRounds "9"]
[EventCountry "UZB"]
[Source "Mark Crowther"]
[SourceDate "2012.03.12"]

1. e4 d6 2. d4 Nf6 3. Nc3 g6 4. Nf3 Bg7 5. Be2 O-O 6. O-O a6 7. Re1 Nc6 8. d5
Nb8 9. a4 c6 10. a5 Bg4 11. Nd2 Bxe2 12. Qxe2 Nbd7 13. Nc4 Rc8 14. Bd2 Re8 15.
b3 cxd5 16. exd5 Nh5 17. Rab1 Qc7 18. Na4 Rcd8 19. Rbd1 e5 20. dxe6 Rxe6 21.
Qf3 Ne5 22. Nxe5 dxe5 23. Bb4 Rxd1 24. Qxd1 h6 25. c4 Nf6 26. Nb6 e4 27. h3 Qe5
28. Nd5 Kh7 29. Bc3 Qf5 30. Bxf6 Bxf6 31. Nxf6+ Rxf6 32. Qd4 e3 33. Qxe3 Qxa5
34. Qe7 Kg7 35. Rd1 Qb6 36. c5 Re6 37. cxb6 Rxe7 38. Rd6 Re6 39. Rxe6 fxe6 40.
f4 Kf6 41. Kf2 e5 42. Ke3 Ke6 43. g4 exf4+ 44. Kxf4 g5+ 45. Ke4 a5 0-1